<?xml version="1.0" encoding="UTF-8"?><?xml-stylesheet type="text/xsl" href="static/style.xsl"?><OAI-PMH xmlns="http://www.openarchives.org/OAI/2.0/" xmlns:xsi="http://www.w3.org/2001/XMLSchema-instance" xsi:schemaLocation="http://www.openarchives.org/OAI/2.0/ http://www.openarchives.org/OAI/2.0/OAI-PMH.xsd"><responseDate>2026-04-17T06:30:44Z</responseDate><request verb="GetRecord" identifier="oai:www.recercat.cat:2117/171819" metadataPrefix="marc">https://recercat.cat/oai/request</request><GetRecord><record><header><identifier>oai:recercat.cat:2117/171819</identifier><datestamp>2025-07-22T18:11:36Z</datestamp><setSpec>com_2072_1033</setSpec><setSpec>col_2072_452951</setSpec></header><metadata><record xmlns="http://www.loc.gov/MARC21/slim" xmlns:dcterms="http://purl.org/dc/terms/" xmlns:xsi="http://www.w3.org/2001/XMLSchema-instance" xmlns:doc="http://www.lyncode.com/xoai" xsi:schemaLocation="http://www.loc.gov/MARC21/slim http://www.loc.gov/standards/marcxml/schema/MARC21slim.xsd">
   <leader>00925njm 22002777a 4500</leader>
   <datafield ind2=" " ind1=" " tag="042">
      <subfield code="a">dc</subfield>
   </datafield>
   <datafield ind2=" " ind1=" " tag="720">
      <subfield code="a">Donaire Cruz, Alejandro</subfield>
      <subfield code="e">author</subfield>
   </datafield>
   <datafield ind2=" " ind1=" " tag="260">
      <subfield code="c">2019-07-24</subfield>
   </datafield>
   <datafield ind2=" " ind1=" " tag="520">
      <subfield code="a">Este trabajo recoge una de las obras en las que pude estar&#xd;
presente, ejecución de proyecto, ejecución de obra y final de obra.&#xd;
Una obra que consiste en la instalación de sistemas de seguridad&#xd;
en un edificio muy singular dentro de la arquitectura de Barcelona,&#xd;
el Museu d’Art Contemporani de Barcelona MACBA.&#xd;
La empresa Eix Vertical, situada en Montcada y Reixac, es una&#xd;
empresa dedicada a los trabajos verticales y a la instalación de&#xd;
sistemas de seguridad, por lo que la máxima de esta empresas es&#xd;
dar la mejor imagen en cuanto a seguridad se refiere, tanto a la&#xd;
hora de realizar sus proyectos como en la posterior utilización de&#xd;
los sistemas de seguridad que instala.&#xd;
Analizaremos pues, la estructura de la empres, de donde adquieren&#xd;
sus trabajadores esas nociones de seguridad y salud a la hora de&#xd;
trabajar y si realmente lo aplican en sus proyectos.&#xd;
El Museu d’Art Contemporani de Barcelona MACBA, construido por&#xd;
el arquitecto Richard Meier en 1987, se encuentra en el centro de la&#xd;
ciudad, concretamente en el barrio del Raval. Hoy en día el museo&#xd;
pose 3 edificios, el MACBA, el Convent dels Angels y el Centro de&#xd;
Estudios y Documentación.&#xd;
El hoy en día, encargado de mantenimiento del MACBA se puso en&#xd;
contacto con la empresa Eix vertical , para que realizara la revisión&#xd;
de las líneas de vida y puntos de anclaje que ya existían en la&#xd;
cubierta del museo. El estado/ configuración de algunos sistemas&#xd;
era incorrecto por lo que se procedió a la modificación y&#xd;
reinstalación de los sistemas.&#xd;
Para el presente proyecto se realizo un plan de seguridad para la&#xd;
ejecución de las faenas, plan de seguridad que se analizara junto&#xd;
con imágenes de una fase en concreto de la obra y se pondrá en&#xd;
duda su aplicación y su contenido. Descubriendo,&#xd;
desgraciadamente, que en muchas ocasiones el plan de seguridad&#xd;
y salud es un mero trámite burocrático y no se le da la gran&#xd;
importancia que le pertenece.&#xd;
Y por ultimo podremos ver como se realiza una formación para&#xd;
trabajos en altura con la utilización de un manual redactado por mi&#xd;
y que se utilizo realmente para dar la formación.</subfield>
   </datafield>
   <datafield tag="653" ind2=" " ind1=" ">
      <subfield code="a">Àrees temàtiques de la UPC::Edificació::Rehabilitació d'edificis</subfield>
   </datafield>
   <datafield tag="653" ind2=" " ind1=" ">
      <subfield code="a">Art museum architecture</subfield>
   </datafield>
   <datafield tag="653" ind2=" " ind1=" ">
      <subfield code="a">Building -- Safety measures</subfield>
   </datafield>
   <datafield tag="653" ind2=" " ind1=" ">
      <subfield code="a">Architecture, Modern-- 20th century</subfield>
   </datafield>
   <datafield tag="653" ind2=" " ind1=" ">
      <subfield code="a">Museus d'art -- Arquitectura -- Catalunya -- Barcelona</subfield>
   </datafield>
   <datafield tag="653" ind2=" " ind1=" ">
      <subfield code="a">Museu d'Art Contemporani de Barcelona (1995-)</subfield>
   </datafield>
   <datafield tag="653" ind2=" " ind1=" ">
      <subfield code="a">Construcció -- Mesures de seguretat</subfield>
   </datafield>
   <datafield tag="653" ind2=" " ind1=" ">
      <subfield code="a">Arquitectura moderna -- S. XX</subfield>
   </datafield>
   <datafield tag="653" ind2=" " ind1=" ">
      <subfield code="a">Meier, Richard, 1934-</subfield>
   </datafield>
   <datafield tag="653" ind2=" " ind1=" ">
      <subfield code="a">Museu d'Art Contemporani de Barcelona, MACBA (Barcelona, Catalunya)</subfield>
   </datafield>
   <datafield ind2="0" ind1="0" tag="245">
      <subfield code="a">Sistemes de seguretat al Museu d'Art Contemporani de Barcelona</subfield>
   </datafield>
</record></metadata></record></GetRecord></OAI-PMH>